European Geography By Letter - I - Statistics

General Stats
  • This quiz has been taken 95,903 times
    57,393 since last reset
  • The average score is 11 of 17
Answer Stats
Clue Answer % Correct
European countries that start with I Ireland
95%
Turkish city straddling Europe and Asia Istanbul
95%
European countries that start with I Iceland
93%
European countries that start with I Italy
91%
Most common male first name in Bulgaria, Croatia, and possibly Russia Ivan
86%
Peninsula of Spain and Portugal Iberia
85%
Country which is the largest source of immigrants to the U.K. India
78%
One of Switzerland's official languages Italian
77%
Symbolic barrier between Communist and free Europe Iron Curtain
67%
Austrian Winter Olympics host city Innsbruck
62%
"Capital" of the Scottish highlands Inverness
61%
Sea between Greece and Italy Ionian
47%
French region containing Paris Île-de-France
35%
County town of Suffolk Ipswich
35%
Island in the above sea, home to Odysseus Ithaca
29%
Island in the Hebrides known for tourism and Scotch whisky Islay
17%
Dutch lake created by the closing of the Zuiderzee IJsselmeer
16%
No matching quizzes found
Score Distribution
Percent of People with Each Score
Percentile by Number Answered
Your Score History
You have not taken this quiz since the last reset